| 000 | 00660nam a22002057a 4500 | ||
|---|---|---|---|
| 005 | 20251108172903.0 | ||
| 008 | 250721s2004 xx 000 0 ara d | ||
| 020 | _a9772773333 | ||
| 082 | 1 | 4 | _a418.022/مؤم |
| 100 | 1 | _aمؤمن، أكرم | |
| 245 | 1 | 0 | _aفن الترجمة للطلاب والمبتدئين / |
| 246 | 1 | 1 | _aTranslation for students and beginners |
| 264 | 1 |
_aالقاهرة : _bدار الطلائع للنشر والتوزبع والتصدير، _c2004. |
|
| 300 | _a224 ص | ||
| 650 | 1 | 7 | _aالترجمة |
| 650 | 1 | 7 | _aاللغة الإنجليزية |
| 650 | 1 | 7 | _aاللغة العربية |
| 942 |
_2ddc _cBK |
||
| 999 |
_c90968 _d90968 |
||